Los amos / (Registro nro. 7404)

Detalles MARC
000 -LIDER
fixed length control field 00509nam a2200169 a 4500
001 - NÚMERO DE CONTROL
Identificador de número de control 000044275
003 - IDENTIFICACDOR DE NÚMERO DE CONTROL
control field DO-SdBNP
005 - DATE AND TIME OF LATEST TRANSACTION
control field 20220701115151.0
007 - CAMPOS FIJOS DE DESCRIPCIÓN FÍSICA
fixed length control field 000044275
008 - ELEMENTOS DE LONGITUD FIJA
fixed length control field 140612s19uu dr a 000 0 spa d
040 ## - FUENTE DE CATALOGACIÓN
Agencia que crea de manera original el registro BPMET
Idioma de catalogación spa
Agencia que realiza la transcripción BPMET
100 1# - ASIENTO PRINCIPAL -- NOMBRE PERSONAL
Nombre personal Bosch, Juan
245 14 - MENCIÓN DE TITULO
Título Los amos /
Mención de responsabilidad Juan Bosch.
260 ## - PUBLICACIÓN, DISTRIBUCIÓN, ETC. (PIE DE IMPRENTA)
Lugar de publicación, distribución, etc Santo Domingo :
Nombre del editor, distribuidor, etc. Nacional,
-- Organización de Estados Iberoamericanos para la Educación, la Ciencia y la Cultura (OEI),
Fecha de publicación, distribución, etc [197?].
300 ## - DESCRIPCIÓN FÍSICA
Extensión 11 p. :
Otros detalles físicos il.
Dimensiones 21 cm.
942 ## - ADDED ENTRY ELEMENTS (KOHA)
Source of classification or shelving scheme Dewey Decimal Classification
Koha item type Libros
Existencias
Withdrawn status Lost status Source of classification or shelving scheme Damaged status Not for loan Collection code Home library Current library Date acquired Total Checkouts Barcode Date last seen Price effective from Koha item type Copy number Source of acquisition
    Dewey Decimal Classification     Colección Dominicana Biblioteca Pública Metropolitana Salomé Ureña Biblioteca Pública Metropolitana Salomé Ureña 02/16/2015   BPMSU15041307 02/16/2015 02/16/2015 Libros    
    Dewey Decimal Classification     Colección Dominicana Biblioteca Pública Metropolitana Salomé Ureña Biblioteca Pública Metropolitana Salomé Ureña 08/26/2015   BPMSU15080478 08/26/2015 08/26/2015 Libros e. 2  
    Dewey Decimal Classification     Colección Dominicana Biblioteca Pública Metropolitana Salomé Ureña Biblioteca Pública Metropolitana Salomé Ureña 08/26/2015   BPMSU15080479 08/26/2015 08/26/2015 Libros e. 3 Editora Nacional